| 000 | 00583nam a22002057a 4500 | ||
|---|---|---|---|
| 003 | OSt | ||
| 005 | 20160822153409.0 | ||
| 008 | 160822b xxu||||| |||| 00| 0 eng d | ||
| 020 | _a0199633746 | ||
| 040 | _c040a | ||
| 082 |
_aWH 200 _bN498 1993 |
||
| 245 |
_aThe neutrophil / _cJon S. Abramson, J Gary Wheeler |
||
| 260 |
_aOxford _bIRL Press _c1993 |
||
| 300 |
_axxi, 306p; _bill : _c14 cm. |
||
| 504 | _aIncludes bibliographical references and index | ||
| 650 |
_aNeutrophil _910836 |
||
| 700 |
_aAbramson, Jon S. _910837 |
||
| 700 |
_aWheeler, J Gary _910838 |
||
| 942 |
_2z _cO_SHELF |
||
| 999 |
_c5053 _d5053 |
||